Niektoré aspekty procesov globalizácie v súčasnosti
Rozvoj medzinárodnej hospodárskej spolupráce a globalizácia svetového trhu. Niektoré negatívne dopady globalizácie na ekonomiku krajín. Slovensko a jeho pozícia v globalizovanom svete. Presadzovanie záujmov ekonomicky silnejších krajín. Odporcovia globalizácie a ich snaha o decentralizáciu.
Saved in:
| Main Author: | |
|---|---|
| Format: | Book Chapter |
| Language: | Slovak |
| Subjects: | |
| Tags: |
No Tags, Be the first to tag this record!
|
MARC
| LEADER | 00000naa$a2200000$$$4500 | ||
|---|---|---|---|
| 001 | 0025157 | ||
| 005 | 20240502071421.2 | ||
| 041 | 0 | |a slo | |
| 044 | |a SK | ||
| 245 | 1 | 0 | |a Niektoré aspekty procesov globalizácie v súčasnosti |c Ľudmila Lipková |
| 520 | |a Rozvoj medzinárodnej hospodárskej spolupráce a globalizácia svetového trhu. Niektoré negatívne dopady globalizácie na ekonomiku krajín. Slovensko a jeho pozícia v globalizovanom svete. Presadzovanie záujmov ekonomicky silnejších krajín. Odporcovia globalizácie a ich snaha o decentralizáciu. | ||
| 610 | 2 | 0 | |a globalizácia |
| 610 | 2 | 0 | |a internacionalizácia |
| 610 | 2 | 0 | |a trh medzinárodný |
| 610 | 2 | 0 | |a spolupráca hospodárska medzinárodná |
| 610 | 2 | 0 | |a krajiny vyspelé |
| 610 | 2 | 0 | |a krajiny rozvojové |
| 610 | 2 | 0 | |a korporácie transnacionálne |
| 610 | 2 | 0 | |a liberalizácia |
| 610 | 2 | 0 | |a organizácie medzinárodné |
| 610 | 2 | 0 | |a decentralizácia |
| 100 | 1 | |a Lipková, Ľudmila | |